Acta Historica Tomus CIV.
Elmentve itt :
| További közreműködők: | |
|---|---|
| Dokumentumtípus: | Folyóirat |
| Megjelent: |
1996
|
| Sorozat: | Acta Universitatis Szegediensis : acta historica
104 |
| Kulcsszavak: | Magyarország története - 1890-1960 - tanulmányok |
| Online Access: | http://acta.bibl.u-szeged.hu/37136 |
| LEADER | 00586nas a2200169 i 4500 | ||
|---|---|---|---|
| 001 | acta37136 | ||
| 005 | 20210914090112.0 | ||
| 008 | 161201s1996 hu o 0|| hun d | ||
| 040 | |a SZTE Egyetemi Kiadványok Repozitórium |b hun | ||
| 041 | |a hun | ||
| 245 | 0 | 0 | |a Acta Historica |h [elektronikus dokumentum] : |b Tomus CIV. |
| 260 | |c 1996 | ||
| 300 | |a 93 | ||
| 490 | 0 | |a Acta Universitatis Szegediensis : acta historica |v 104 | |
| 695 | |a Magyarország története - 1890-1960 - tanulmányok | ||
| 700 | 0 | 1 | |a Soós Katalin |
| 856 | 4 | 0 | |u http://acta.bibl.u-szeged.hu/37136/1/historica_104.pdf |z Dokumentum-elérés |